Evaluación técnica de la eficacia de curadores como opción al curado húmedo

Spremljeno u:
Bibliografski detalji
Glavni autor: Sandoval González, José David, 1994-
Daljnji autori: Muñoz Umaña, Flor de María, 1958- Directora del TFG
Format: Knjiga
Jezik:Spanish
Izdano: [San José ], Costa Rica 2019
Teme:
Oznake: Dodaj oznaku
Bez oznaka, Budi prvi tko označuje ovaj zapis!

MARC

LEADER 00000nam a22000007a 4500
003 013030
005 20230627111455.0
008 190422b2019 cr a|||| ||m| 00| ||spa d
040 |c cru CEDI 
100 |9 794  |a Sandoval González, José David, 1994- 
245 |a Evaluación técnica de la eficacia de curadores como opción al curado húmedo 
260 |a  [San José ], Costa Rica  |c 2019 
500 |a Proyecto de graduación (licenciatura en ingeniería civil)--Universidad de Costa Rica. Facultad de Ingeniería. Escuela de Ingeniería Civil. 
501 |a Directora de Proyecto de Graduación: Ing. Flor de María Muñoz Umaña, M.Ing.  
650 |x HORMIGON - AGREGADOS   |x HORMIGON - PRUEBAS  |x ANALISIS ESTADISTICO   |x HORMIGON  |x HORMIGON - EXPANSION Y CONTRACCION  |x HORMIGON - CURADO   |x HORMIGON - ENSAYO DE COMPRESION  
700 |9 144  |a Muñoz Umaña, Flor de María, 1958-  |d Directora del TFG 
942 |c CEDI  |h TFG 8180  |6 TFG_8180_000000000000000 
999 |c 21672  |d 21672